000
00262nam a22000977a 4500
999
_c
515317
_d
515317
082
_a
TNC B2 In2
100
_a
Inamdar, N. R.
_9
20682
245
_a
Profiles of Indian government and politics
_c
by Inamdar, N. R.
260
_a
Poona
_b
Vishwanil
_c
1989
300
_a
351p.